Špecifiká tvorby cien pri zohľadnení geografických podmienok trhu

Zabezpečenie celkovej rentability podniku a dôležitosť zvolenia optimálneho spôsobu cenovej tvorby s ohľadom na geografické vplyvy, pri predaji v rôznych lokalitách. Rozdielne prístupy v tvorbe cien.

Salvato in:
Dettagli Bibliografici
Autore principale: Šagátová, Slavka, 1975-
Natura: Capitolo di libro
Lingua:slovacco
Soggetti:
Tags: Aggiungi Tag
Nessun Tag, puoi essere il primo ad aggiungerne!!

MARC

LEADER 00000naa$a2200000$$$4500
001 0132400
005 20240502072509.9
041 0 |a slo 
044 |a SK 
245 1 0 |a Špecifiká tvorby cien pri zohľadnení geografických podmienok trhu  |c Slávka Šagátová 
520 |a Zabezpečenie celkovej rentability podniku a dôležitosť zvolenia optimálneho spôsobu cenovej tvorby s ohľadom na geografické vplyvy, pri predaji v rôznych lokalitách. Rozdielne prístupy v tvorbe cien. 
610 2 0 |a ceny 
610 2 0 |a tvorba cien 
610 2 0 |a druhy cien 
610 2 0 |a štruktúra cien 
610 2 0 |a ceny trhové 
610 2 0 |a dopyt trhový 
610 2 0 |a politika cenová 
610 2 0 |a diferenciácia cenová 
100 1 |a Šagátová, Slavka, 1975-